Pesticide application equipment. (Record no. 25890)
[ view plain ]
| 000 -LEADER | |
|---|---|
| fixed length control field | 00364nam a2200145Ia 4500 |
| 082 ## - DEWEY DECIMAL CLASSIFICATION NUMBER | |
| Classification number | 632.982 |
| Item number | BIN |
| 100 ## - MAIN ENTRY--AUTHOR NAME | |
| Personal name | BINDRA, O S |
| 245 #0 - TITLE STATEMENT | |
| Title | Pesticide application equipment. |
| 250 ## - EDITION STATEMENT | |
| Edition statement | Rev |
| 260 ## - PUBLICATION, DISTRIBUTION, ETC. (IMPRINT) | |
| Place of publication | Delhi |
| Name of publisher | Oxford & IBH |
| Year of publication | 1971 |
| 650 ## - SUBJECT ADDED ENTRY--TOPICAL TERM | |
| Topical Term | Pesticide equipment |
| 700 ## - ADDED ENTRY--PERSONAL NAME | |
| Personal name | HARCHARAN SINGH |
| 942 ## - ADDED ENTRY ELEMENTS (KOHA) | |
| Koha item type | Books |
| Withdrawn status | Lost status | Damaged status | Not for loan | Home library | Current library | Date acquired | Full call number | Accession Number | Koha item type |
|---|---|---|---|---|---|---|---|---|---|
| RRII Library | RRII Library | 16/12/2021 | 632.982 BIN | 06531 | Books |